000 01020nam a2200325 i 4500
001 41867
003 KOSZ 005
005 20200214142233.0
008 030126s2002 pl f |001 0 pol
015 _aPB 2004/1567
020 _a8387115169
035 _a(OCoLC)830541034
040 _aWA N
_cKOSZ 005/HR
_dKOSZ 005/HR
041 1 _apol
_heng
080 _a004.438
080 _a(07)
100 1 _aSchildt, Herbert
_d(1951- )
_eAutor
245 1 0 _aJęzyk C /
_cHerbert Schildt ; przeł. Robert Dąbrowski.
246 1 _iTyt. oryg.:
_aTeach yourself C,
_f1997.
260 _aWarszawa :
_bLT&P,
_c2002.
300 _a572, [1] s. ;
_c24 cm.
380 _aKsiążki.
504 _aIndeks.
658 _aInformatyka i technologie informacyjne
655 4 _aPodręcznik
650 4 _aC (język programowania)
700 1 _aDąbrowski, Robert.
_eTłumaczenie
856 _uhttp://koha.tu.koszalin.pl/cgi-bin/koha/opac-detail.pl?biblionumber=41867
_yKatalog online BPK
942 _2UKD
_cKS
999 _c41867
_d41867